1240 1031 1842 1658 1823 1618 1589 1558 1744 1304 1484 1033 1762 1058 1317 1772 1536 1199 1958 1022 1610 1653 1574 1590 1927 1900 1076 1391 1772 1605 1609 1648 1180 1523 1703 1919 1186 1511 1784 1077 1996 1120 1909 1912 1961 1771 1893 1714 1264 1210 1782 1281 1702 1728 1894 1195 1781 1963 1828 1370 1391 1358 1559 1356 1308 1792 1696 1057 1865 1884 1590 1648 1395 1060 1485 1011 1572 1159 1441 1955 1081 1839 1819 1176 1682 1442 1138 1643 1701 1756 1133 1061 1136 1837 1735 1326 1538 1595 1061 BCNSPRNW ULIB Ver.6.0+V

เปลี่ยนเป็นภาษาไทย

Change to English
 แสดงรายละเอียดบรรณานุกรม
  กลับหน้าหลัก

Brief Record : Get Marc (ISO 2709) : E-mail record : QR code < ปิดหน้าต่าง
LEADER : 00000nam 2200000uu 4500
001    13399127394
003     ULIB
008    200519s2017||||th 000 0 tha d
020 ^  ^a9781506258799 (6th/2017)
020 ^   ^a9781506258829 (set)
050 ^   ^aPE1128^bL633b
100 1   ^aLougheed, Lin.
245 1   ^aBarron s the leader in test preparation :^bTOEIC superpack /^cLin Lougheed.
246 3   ^aTOEIC : test of English for international communication
246 3   ^aTOEIC : practice exams
246 3   ^aEssential words for the TOEIC
246 3   ^aTOEIC superpack
250 ^   ^aThird edition.
260 ^   ^aNew York, NY :^bBarron s Educational Series,^c2017.
300 ^   ^a3 volume :^billustrations +^e1 compact disc
500 ^   ^aIncludes three books in one box.
505 0   ^aVolume 1. TOEIC : test of English for international communication -- Volume 2. TOEIC : practice exams -- Volume 3. Essential words for the TOEIC + 1 compact disc.
650 ^   ^aTest of English as a Foreign Language^xStudy guides.
650 ^   ^aEnglish language^xExaminations^xStudy guides.
650 ^   ^aEnglish language^xTextbooks for foreign speakers.
945    ^p444^l0^i007065
999    ^aประนอม เกษจรัล
รายการนี้ยังไม่มีแท็ก
คุณยังไม่ได้ล็อกอิน คุณสามารถมีกิจกรรมร่วมกับเว็บไซต์ได้ แต่ต้องล็อกอินก่อน ::
  ล็อกอิน

รายการสื่อสารสนเทศ

ลำดับที่ ประเภท เลขเรียก/บาร์โค้ด สถานที่ สถานะ
1. การศึกษาทั่วไป
หนังสือสำรอง
สถานะ=หนังสือสำรอง
PE1128 L633b ฉ.1 
  Barcode: 007065
ห้องสมุดวิทยาเขตสวรรค์ประชารักษ์
►หนังสือทั่วไป
บนชั้น

รายการใกล้เคียง
    ผู้แต่ง [Lougheed, Lin.]

BibComment


ยังไม่เคยถูกคอมเมนท์

คอมเมนท์ทรัพยากรรายการนี้
  คอมเมนท์: Barron s the le..


 Copyright 2026. Bcnsprnw @Library